<The> Ethics in the Product Marketing

Teória náležitej starostlivosti o spotrebiteľa. Atribúty kvality produktu. Etika v marketingu. Základné otázky etiky produktového marketingu. Ochrana spotrebiteľa.

Na minha lista:
Detalhes bibliográficos
Autor principal: Majtán, Štefan
Outros Autores: Dubcová, Gabriela, 1968-
Formato: Capítulo de Livro
Idioma:inglês
Assuntos:
Tags: Adicionar Tag
Sem tags, seja o primeiro a adicionar uma tag!

MARC

LEADER 00000nla$a2200000$$$4500
001 0083943
005 20240521073315.1
041 0 |a eng 
044 |a CZ 
245 1 0 |a <The> Ethics in the Product Marketing  |c Štefan Majtán, Gabriela Dubcová 
520 |a Teória náležitej starostlivosti o spotrebiteľa. Atribúty kvality produktu. Etika v marketingu. Základné otázky etiky produktového marketingu. Ochrana spotrebiteľa. 
610 2 0 |a marketing 
610 2 0 |a produkty 
610 2 0 |a etika 
610 2 0 |a spotrebitelia 
610 2 0 |a kvalita výrobkov 
610 2 0 |a ochrana spotrebiteľa 
100 1 |a Majtán, Štefan 
700 1 |a Dubcová, Gabriela, 1968-